| Tag |
First Indicator |
Second Indicator |
Subfields |
| LEADER |
00000pam a2200000 a 4500 |
| 001 |
in00000081913 |
| 005 |
20151008054208.0 |
| 008 |
801021s1981 nyu b 00100 engm |
| 010 |
|
|
|a 80026110
|
| 020 |
|
|
|a 0804692769 :
|c $19.50
|
| 035 |
|
|
|a (OCoLC)06916628
|
| 035 |
|
|
|9 AAH9937AM
|
| 040 |
|
|
|a DLC
|c DLC
|d m.c.
|d TXA
|d UtOrBLW
|
| 049 |
|
|
|a TXAM
|c [1672373]
|
| 050 |
0 |
0 |
|a HD9743.A2
|b W37
|
| 082 |
0 |
|
|a 338.4/76234/0973
|2 19
|
| 245 |
0 |
0 |
|a War, business, and world military-industrial complexes /
|c edited by Benjamin Franklin Cooling.
|
| 264 |
|
1 |
|a Port Washington, N.Y. :
|b Kennikat Press,
|c 1981.
|
| 300 |
|
|
|a 217 pages ;
|c 22 cm.
|
| 336 |
|
|
|a text
|b txt
|2 rdacontent
|
| 337 |
|
|
|a unmediated
|b n
|2 rdamedia
|
| 338 |
|
|
|a volume
|b nc
|2 rdacarrier
|
| 490 |
1 |
|
|a Series in political science (Kennikat Press)
|
| 490 |
0 |
|
|a National university publications
|
| 500 |
|
|
|a Includes index.
|
| 504 |
|
|
|a Bibliography: pages 209-212.
|
| 650 |
|
0 |
|a Military-industrial complex.
|
| 650 |
|
0 |
|a Arms transfers.
|
| 650 |
|
0 |
|a Defense industries.
|
| 650 |
|
0 |
|a Industrial policy.
|
| 700 |
1 |
|
|a Cooling, Benjamin Franklin,
|c III,
|d 1938-
|
| 830 |
|
0 |
|a National university publications.
|p Series in political science.
|
| 999 |
|
|
|a MARS
|
| 999 |
f |
f |
|s 5c3b7956-cfed-37c7-b767-47d2563740c4
|i 7879722a-3ae6-3d02-8384-e1b966385674
|t 0
|
| 952 |
f |
f |
|p ric
|a Texas A&M University
|b Rellis Campus
|c Joint Library Facility
|d Remote Storage
|t 0
|e HD9743.A2 W37
|h Library of Congress classification
|i unmediated -- volume
|m A14806132234
|
| 998 |
f |
f |
|a HD9743.A2 W37
|t 0
|l Remote Storage
|